000 00352nam a2200121Ia 4500
008 240731s9999 xx 000 0 und d
022 _a2469-9365
245 0 _aProceedings of the Annual Conference of the Western College Reading Association
260 _bRoutledge
856 _uhttps://www.tandfonline.com/loi/ucrl19
942 _2ddc
942 _cTFEJ
999 _c79035
_d79035
945 _a1
_bMadushi Gamage
_c1
_dMadushi Gamage